| 000 | 01175nam a22003377a 4500 | ||
|---|---|---|---|
| 003 | CHAP | ||
| 005 | 20220329135209.0 | ||
| 008 | 971013s1973 r 00010 d | ||
| 010 | _a32467 | ||
| 011 | _a33439 | ||
| 035 | _a37554 | ||
| 040 | _cCHAP | ||
| 082 |
_a633.2 _bM38 |
||
| 100 | 0 | 0 |
_aMatches, Arthur G. _972896 |
| 245 |
_aAnti-quality components of forages _b: a 1972 symposium sponsored... |
||
| 260 |
_aMadison, Wis. : _bCrop Science Society of America, _c1973 |
||
| 300 |
_a140 p. _b: ilus. ; gráfs |
||
| 490 |
_aSpecial publication _v; 4 |
||
| 590 |
_aBATCH-UPD _b10 _c20130110 _lUCH01 _h0926 |
||
| 590 |
_aBATCH-UPD _b10 _c20130410 _lUCH01 _h0547 |
||
| 590 |
_aBATCH-UPD _b10 _c20130914 _lUCH01 _h1802 |
||
| 590 |
_aCONVERSION _b10 _c20130109 _lUCH01 _h1318 |
||
| 650 | 1 | 4 |
_aPastos _xAnálisis. _985993 |
| 650 | 1 | 4 |
_aPlantas venenosas para el ganado. _989093 |
| 650 | 1 | 4 |
_aToxicología veterinaria. _9114457 |
| 830 | 0 |
_aSpecial publication _v; 4 _9109152 |
|
| 901 | _aBK | ||
| 942 | _cLIBRO | ||
| 949 |
_a633.2 M38 _bBC _cLIBRO _d33724000214219 _eLIBRO _h50342 _i37554 _si _t115.00 |
||
| 949 |
_a633.2 M38 _bBC _cLIBRO _d33724000214227 _eLIBRO _fc.2 _h50343 _i37554 _si _t115.00 |
||
| 999 |
_c32467 _d32467 |
||